[Event "POL-ch U14 Girls"]
[Site "Uniejow"]
[Date "2021.07.20"]
[Round "3"]
[White "Szewczuk, Aleksandra"]
[Black "Nieckarz, Maja"]
[Result "1/2-1/2"]
[WhiteElo "1317"]
[BlackElo "1430"]
[PlyCount "62"]
[EventDate "2021.07.18"]
[EventType "swiss"]
[EventRounds "9"]
[EventCountry "POL"]
[SourceTitle "EXT 2022"]
[Source "ChessBase"]
[SourceDate "2021.10.06"]
[SourceVersion "1"]
[SourceVersionDate "2021.10.06"]
[SourceQuality "1"]

1. Nf3 Nf6 2. d4 g6 3. Bf4 Bg7 4. e3 d6 5. Be2 0-0 6. h3 a6 7. 0-0 Nc6 8. Nbd2 Nd7 9. c3 e5 10. Bh2 f5 11. dxe5 Ndxe5 12. Nc4 Qe7 13. Nd4 Bd7 14. Qb3 Qf7 15. Nxe5 Qxb3 16. Nxb3 Nxe5 17. Rad1 Be6 18. Nc1 Rab8 19. b3 b5 20. Nd3 Nxd3 21. Rxd3 a5 22. Rc1 a4 23. bxa4 bxa4 24. Rd2 a3 25. Bf4 Rb2 26. Rxb2 axb2 27. Rb1 Bxc3 28. Bd3 Bxa2 29. Rd1 Rb8 30. Bb1 Bxb1 31. Rxb1 Ra8 1/2-1/2